000 00444nam a2200169Ia 4500
008 230718s9999 xx 000 0 und d
020 _a9788183222174
041 _aeng
082 _a158.1
_bCAN
100 _aCanfield J.
245 _aDare To Win
260 _c2012
_bManjul Publishing House
300 _a205
365 _cRs.
_b195.00
700 _aCanfield J. & Hansen M.V.
906 _dO:0307815-Oct-2012B:147924-Sep-2012
_cGENRL
_b42.9
999 _c331471
_d331471